| 000 | 01186nam0a2200253 4500 | ||
|---|---|---|---|
| 001 | RU\NLR\ONL1\14670 | ||
| 005 | 20250613122117.0 | ||
| 035 | _a(NLR Aleph) 009643411 | ||
| 090 |
_a9555652 _c9555652 |
||
| 100 | _a20090713d1947 |||y0rusy50 ca | ||
| 101 | 0 | _amdf | |
| 102 | _aRU | ||
| 105 | _ay ||||||||| | ||
| 200 | 1 |
_aБилетт выпускной экзаменонди мокшень кяльть и литературнай чтениять коряс семилетняй школань курсонкса 1946-1947 тонафнема кизонди _fМордАССР Просвещениянь м-вась _g[сост. Потапкин С. Г.] |
|
| 210 |
_aСаранск _cМорд. госиздат _d1947 |
||
| 215 |
_a8 с. _d22 |
||
| 541 | 1 |
_aБилеты для выпускных экзаменов по мокшанскому языку и литературному чтению за курс семилетней школы на 1946-47 учебный год _zrus |
|
| 686 | 1 | _aЧ426.151-28 | |
| 702 | 1 |
_aПотапкин _bС. Г. _4220 |
|
| 801 | 0 |
_aRU _bNLR _c20090713 _gPSBO |
|
| 852 |
_aNLR _bОНЛ _jМорд.м./3-1173 |
||
| 942 | _cBOOK | ||
| 980 | _aNB | ||